| 000 | 00375nam a2200157Ia 4500 | ||
|---|---|---|---|
| 005 | 20250411024109.0 | ||
| 008 | 240331s9999 xx 000 0 und d | ||
| 020 | _a955210209X | ||
| 082 |
_a294 _bKAN |
||
| 100 | _aKangahaarachchi, T.B | ||
| 245 | 0 | _aTherigatha wiyakkya | |
| 260 |
_aColombo _bM.D.Gunasena _c1987 |
||
| 300 | _a187 p ., | ||
| 650 | _aLove Story | ||
| 942 | _cL | ||
| 999 |
_c896 _d896 |
||